| 000 | 00887nam a2200181Ia 4500 | ||
|---|---|---|---|
| 008 | 151202s9999||||xx |||||||||||||| ||und|| | ||
| 082 | _bPNVM-66477 | ||
| 100 | _a"माजगावकर दिलीप , धर्मापुरीकर मधुकर - संपादन." | ||
| 245 | _aरेषालेखक वसंत सरवटे. | ||
| 260 | _b"राजहंस प्रकाशन, पुणे." | ||
| 260 | _c2009 | ||
| 300 | _a144 | ||
| 600 | _a"माजगावकर दिलीप , धर्मापुरीकर मधुकर - संपादन." | ||
| 630 | _aरेषालेखक वसंत सरवटे. | ||
| 700 | _a"माजगावकर दिलीप , धर्मापुरीकर मधुकर - संपादन." | ||
| 730 | _aरेषालेखक वसंत सरवटे. | ||
| 942 | _cBOOK | ||
| 999 |
_c1333009 _d1333006 |
||